Gemeinden im Landkreis Rottweil - Statistiken

Allgemein
  • Dieses Quiz wurde 94 mal gespielt
    86 seit der letzten Aktualisierung
  • Das Durchschnittsergebnis liegt bei 9 aus 21
Antwortstatistiken
% Korrekt
Rottweil
85%
Dunningen
61%
Schramberg
61%
Deißlingen
59%
Oberndorf am Neckar
59%
Zimmern ob Rottweil
59%
Bösingen
51%
Dietingen
49%
Sulz am Neckar
49%
Villingendorf
49%
Epfendorf
39%
Fluorn-Winzeln
39%
Wellendingen
39%
Dornhan
32%
Hardt
32%
Aichhalden
29%
Lauterbach
29%
Schiltach
27%
Vöhringen
27%
Eschbronn
20%
Schenkenzell
17%
Keine übereinstimmenden Quizze gefunden
Verteilung der Resultate
Anzahl Personen mit jedem Resultat
Perzentil nach korrekt beantworteten Fragen
Ihre Resultats-Entwicklung
Sie haben dieses Quiz seit der letzten Aktualisierung nicht gespielt